书目信息 |
| 题名: |
新编化学化工专业英语
|
|
| 作者: | 邵荣 , 许伟 , 吕慧华 主编 | |
| 分册: | ||
| 出版信息: | 上海 华东理工大学出版社有限公司 2021.1 |
|
| 页数: | 258页 | |
| 开本: | 26cm | |
| 丛书名: | ||
| 单 册: | ||
| 中图分类: | O6 , TQ02 | |
| 科图分类: | ||
| 主题词: | 化学--英语--高等学校--教材 , 化学工程--英语--高等学校--教材 | |
| 电子资源: | ||
| ISBN: | 978-7-5628-5104-2 | |
| 000 | 01067nam0 2200301 45 | |
| 001 | 012001000453 | |
| 005 | 20211013144632.63 | |
| 010 | @a978-7-5628-5104-2@dCNY39.00 | |
| 100 | @a20170904d2017 em y0chiy50 ea | |
| 101 | 0 | @achi@aeng |
| 102 | @aCN@b310000 | |
| 105 | @aa z 000yy | |
| 106 | @ar | |
| 200 | 1 | @a新编化学化工专业英语@Axin bian hua xue hua gong zhuan ye ying yu@f邵荣,许伟,吕慧华主编 |
| 205 | @a2版 | |
| 210 | @a上海@c华东理工大学出版社有限公司@d2021.1 | |
| 215 | @a258页@c图@d26cm | |
| 300 | @a高等院校应用型本科规划教材 | |
| 330 | @a本书分四部分:科技英语知识简介、化学化工专业基础知识、专业文章阅读及附录。文章涉及无机化学、有机化学、分析化学、物理化学、生物化学、化学工程、环境工程、制药工程、食品工程等领域。 | |
| 606 | 0 | @a化学@x英语@x高等学校@j教材 |
| 606 | 0 | @a化学工程@x英语@x高等学校@j教材 |
| 690 | @aO6@v5 | |
| 690 | @aTQ02@v5 | |
| 701 | 0 | @a邵荣@Ashao rong@4主编 |
| 701 | 0 | @a许伟@Axu wei@f(1976~)@4主编 |
| 701 | 0 | @a吕慧华@Alv hui hua@4主编 |
| 801 | 0 | @aCN@bBJSDL@c20211011 |
| 905 | @b1335258-61@dO6@e1258=2@f4 | |
| 新编化学化工专业英语/邵荣,许伟,吕慧华主编.-2版.-上海:华东理工大学出版社有限公司,2021.1 |
| 258页:图;26cm |
| 高等院校应用型本科规划教材 |
| ISBN 978-7-5628-5104-2:CNY39.00 |
| 本书分四部分:科技英语知识简介、化学化工专业基础知识、专业文章阅读及附录。文章涉及无机化学、有机化学、分析化学、物理化学、生物化学、化学工程、环境工程、制药工程、食品工程等领域。 |
| ● |
| 相关链接 |
|
|
|
|
正题名:新编化学化工专业英语
索取号:O6/1258=2
 
预约/预借
| 序号 | 登录号 | 条形码 | 馆藏地/架位号 | 状态 | 备注 |
| 1 | 1335258 | 213352584 | 第二样本阅览室/ [索取号:O6/1258=2] | 在馆 | |
| 2 | 1335259 | 213352593 | 第三借阅区/ [索取号:O6/1258=2] | 在馆 | |
| 3 | 1335260 | 213352600 | 第三借阅区/ [索取号:O6/1258=2] | 在馆 | |
| 4 | 1335261 | 213352619 | 第三借阅区/ [索取号:O6/1258=2] | 在馆 |